41 clubs russes en 2018-2019 - Statistiques

Statistiques générales
  • Ce quiz a été pris 34 fois
  • Le résultat moyen est 16 sur 41
Statistiques - réponses
Ligue Club % Correct
Premier Liga CSKA Moscou
96%
Premier Liga Zénith Saint-Pétersbourg
96%
FNL Spartak-2 Moscou
92%
Premier Liga Spartak Moscou
92%
Premier Liga Rubin Kazan
88%
Premier Liga Dynamo Moscou
84%
Premier Liga Lokomotiv Moscou
84%
Premier Liga FK Krasnodar
76%
FNL FK Krasnodar-2
76%
Premier Liga FK Rostov
72%
Premier Liga Krylia Sovetov Samara
64%
Premier liga Akhmat Grozny
52%
Premier Liga FK Oufa
52%
FNL Rotor Volgograd
52%
Premier Liga Anji Makhatchkala
48%
Premier Liga Arsenal Toula
44%
FNL FK Sotchi
44%
Autre club historique Torpedo Moscou
40%
Premier Liga Oural Iekaterinbourg
32%
FNL FK Khimki
28%
Premier Liga FK Orenbourg
28%
FNL FK Nijni Novgorod
24%
FNL Zénith-2 Saint-Pétersbourg
24%
Club disparu Amkar Perm
16%
FNL Baltika Kaliningrad
16%
FNL FK Tambov
16%
FNL Mordovia Saransk
16%
FNL Tom Tomsk
16%
FNL Luch Vladivostok
12%
Autre club historique Rotor Volgograd
12%
FNL Avangard Koursk
8%
FNL Chinnik Iaroslavl
8%
FNL FK Armavir
8%
FNL FK Tioumen
8%
Premier Liga Ienissei Krasnoiarsk
8%
Autre club historique Saturn Ramenskoie
8%
FNL Sibir Novossibirsk
8%
FNL SKA Khabarovsk
8%
FNL Fakel Voronej
4%
Club disparu FK Tosno
4%
FNL Tchernatovo Moscou
4%
Aucun quiz correspondant
Distribution des résultats
% des personnes avec chaque résultat
Percentile par nombre de réponses
Votre historique - résultats
Vous n’avez pas pris ce quiz